00498nam a2200193 a 4500001001300000003000900013005001700022008004100039020001000080082001700090100001800107245004500125260003800170300000900208500003500217505001200252650002200264700001800286nice12345678IN_TiNIC20260116011554.0050524s1923 lona grp 000 0 eng  ac10000a297.63bMUI4 aMuir, William aLife of Mohammadb from Original Sources aLondonbSmith Elder and Co.c1923 a613p aincludes index and biblioraphy2 aIndices aMuhammad, Prophet1 aMuir, William